Index Seminum
| Format: | Book |
|---|---|
| Language: | Undetermined |
| PhysicalDescription: | 13 s. |
| Published: |
Brno
Hortus Botanicus Universitatis J. E. Purkyně
1960-61
|
MARC
| LEADER | 00000nam a2200000 a 4500 | ||
|---|---|---|---|
| 001 | vtls001345049 | ||
| 003 | SK-MaSNL | ||
| 005 | 20260224064651.0 | ||
| 008 | 240130suuuu xr 0 und | ||
| 035 | |a SNK000298260 | ||
| 040 | |a SNK |b slo |c SNK |e AACR2 | ||
| 044 | |a xr |c CZ | ||
| 245 | 1 | |a Index Seminum | |
| 260 | |a Brno |b Hortus Botanicus Universitatis J. E. Purkyně |c 1960-61 | ||
| 300 | |a 13 s. | ||
| 999 | |c 891726 |d 893656 | ||
| 952 | |t P60, <04>, [BOOK], {604} |a SNK |b SNK |y NEVYP |7 0 |p 17A0164617 |o snkIC 27733 D1 |0 0 |1 1 |4 0 |d 1998-10-12 |l 0 |r 2005-01-02 00:00:00 |w 2026-02-24 | ||


